Новые достижения в химии и химической технологии растительного сырья (Запись № 10219611)

Подробности
000 -МАРКЕР
контрольное поле 02662nam0a2200361 i 4500
001 - ИДЕНТИФИКАТОР ЗАПИСИ
контрольное поле RU\NLR\BIBL_A\010522466
005 - ИДЕНТИФИКАТОР ВЕРСИИ
контрольное поле 20240921121937.0
010 ## - МЕЖДУНАРОДНЫЙ СТАНДАРТНЫЙ НОМЕР КНИГИ (ISBN)
Номер (ISBN) 9785790416132
Тираж 300
021 ## - НОМЕР ГОСУДАРСТВЕННОЙ РЕГИСТРАЦИИ
Код страны Российская Федерация
Номер 2014-63402
Номер Листа государственной регистраци 3862
035 ## - ДРУГИЕ СИСТЕМНЫЕ НОМЕРА
Идентификатор записи (NILC)RuMoRGB-007544141
035 ## - ДРУГИЕ СИСТЕМНЫЕ НОМЕРА
Идентификатор записи (NLR Aleph) 010522466
100 ## - ДАННЫЕ ОБЩЕЙ ОБРАБОТКИ
Данные общей обработки 20141031d2014 km y0rusy50 ca
101 0# - ЯЗЫК РЕСУРСА
Язык текста, звукозаписи и т.д. русский
102 ## - СТРАНА ПУБЛИКАЦИИ ИЛИ ПРОИЗВОДСТВА
Страна публикации Российская Федерация
105 ## - ПОЛЕ КОДИРОВАННЫХ ДАННЫХ: ТЕКСТОВЫЕ МАТЕРИАЛЫ, МОНОГРАФИЧЕСКИЕ
Кодированные данные о монографическом текстовом документе ac||z|||001yy
200 1# - ЗАГЛАВИЕ И СВЕДЕНИЯ ОБ ОТВЕТСТВЕННОСТИ
Основное заглавие Новые достижения в химии и химической технологии растительного сырья
Сведения, относящиеся к заглавию материалы VI всероссийской конференции с международным участием
Первые сведения об ответственности [под ред. Н. Г. Базарновой, В. И. Маркина]
210 ## - ПУБЛИКАЦИЯ, РАСПРОСТРАНЕНИЕ И ДР.
Место издания, распространения и т.д. Барнаул
Имя издателя, распространителя и т. д. Изд-во Алтайского государственного университета
Дата издания, распространения и т.д. 2014
215 ## - ФИЗИЧЕСКАЯ ХАРАКТЕРИСТИКА
Специфическое обозначение материала и объем 441 с., [1] л. цв. портр.
Другие сведения о физической характеристике ил.
Размеры 29
300 ## - ОБЩИЕ ПРИМЕЧАНИЯ
Текст примечания В надзаг.: М-во образования и науки РФ, Рос. технол. платформа "Биоиндустрия и Биоресурсы-БиоТех2030", Рос. хим. о-во им. Д. И. Менделеева, Упр. Алт. края по пищевой, перерабатывающей , фармацевтической промышленности и биотехнологиям, Алтайский гос. ун-т, Ин-т проблем химико-энергетических технологий СО РАН, Сибирский гос. технологический ун-т
313 ## - ПРИМЕЧАНИЯ, ОТНОСЯЩИЕСЯ К ТЕМАТИЧЕСКОМУ ДОСТУПУ
Текст примечания IV конф. 2009 г.
320 ## - ПРИМЕЧАНИЯ О НАЛИЧИИ В ДОКУМЕНТЕ БИБЛИОГРАФИИ / УКАЗАТЕЛЯ
Текст примечания Библиогр. в конце ст.
320 ## - ПРИМЕЧАНИЯ О НАЛИЧИИ В ДОКУМЕНТЕ БИБЛИОГРАФИИ / УКАЗАТЕЛЯ
Текст примечания Авт. указ.: с. 437-441
606 1# - НАИМЕНОВАНИЕ ТЕМЫ КАК ПРЕДМЕТ
Наименование темы Растительное сырье
Формальный подзаголовок Съезды, совещания и т.п
Тематический подзаголовок Химическая переработка
Системный номер авторитетной/нормативной записи 1620696
Идентификатор авторитетной/нормативной записи RU\NLR\AUTH\661013285
606 1# - НАИМЕНОВАНИЕ ТЕМЫ КАК ПРЕДМЕТ
Наименование темы Растительное сырье
Формальный подзаголовок Съезды, совещания и т.п
Тематический подзаголовок Химия
Системный номер авторитетной/нормативной записи 2155595
Идентификатор авторитетной/нормативной записи RU\NLR\AUTH\661297735
686 1# - ИНДЕКСЫ ДРУГИХ КЛАССИФИКАЦИЙ
Индекс Л10-332я431(2)
702 #1 - ИМЯ ЛИЦА - ВТОРИЧНАЯ ОТВЕТСТВЕННОСТЬ
Начальный элемент ввода Базарнова
Часть имени, кроме начального элемента ввода Н. Г.
Расширение инициалов личного имени Наталья Григорьевна
Код отношения Редактор
711 12 - НАИМЕНОВАНИЕ ОРГАНИЗАЦИИ - АЛЬТЕРНАТИВНАЯ ОТВЕТСТВЕННОСТЬ
Начальный элемент ввода "Новые достижения в химии и химической технологии растительного сырья", всероссийская конференция с международным участием
Порядковый номер временной организации и / или порядковый номер ее части 6
Место проведения временной организации Барнаул
Дата проведения временной организации 2014
Системный номер авторитетной/нормативной записи 430958
Идентификатор авторитетной/нормативной записи RU\NLR\AUTH\880382350
801 #0 - ИСТОЧНИК ЗАПИСИ
Страна Российская Федерация
Организация РГБ
Дата составления 20140829
Правила каталогизации RCR
942 ## - ДОПОЛНИТЕЛЬНЫЕ ЭЛЕМЕНТЫ ЗАПИСИ (АБИС)
Тип экземпляра АБИС Книга
980 ## - КОЛЛЕКЦИЯ
Название коллекции НБР

Нет доступных экземпляров.